书目信息 |
| 题名: |
人一生要读的100本书
|
|
| 作者: | 杨飞 ;童小珍 | |
| 分册: | ||
| 出版信息: | 北京 中国和平出版社 2006 |
|
| 页数: | 407 | |
| 开本: | 20cm | |
| 丛书名: | ||
| 单 册: | ||
| 中图分类: | Z83 | |
| 科图分类: | ||
| 主题词: | 目录--类型 | |
| 电子资源: | ||
| ISBN: | 7-80201-399-2 | |
| 000 | 00556nam0 2200193 450 | |
| 001 | 0735257515 | |
| 005 | 20070904094737.51 | |
| 010 | @a7-80201-399-2@d48 | |
| 100 | @a20070904d km y0chiy0120 ea | |
| 101 | 0 | @achi |
| 200 | 1 | @a人一生要读的100本书@Aren yi sheng yao du de 100 ben shu@f杨飞@Fyang fei@g童小珍@Gtong xiao zhen |
| 210 | @a北京@c中国和平出版社@d2006 | |
| 215 | @a407@d20cm | |
| 606 | 0 | @a目录@x类型 |
| 690 | @aZ83@v3 | |
| 701 | 0 | @a杨飞@Ayang fei |
| 702 | 0 | @a童小珍@Atong xiao zhen |
| 801 | 0 | @aCN@bPFT@c20070904 |
| 905 | @a213230@dZ83@ea1@f1 | |
| 人一生要读的100本书/杨飞/童小珍.-北京:中国和平出版社,2006 |
| 407;20cm |
| ISBN 7-80201-399-2:48 |
| ● |
| 相关链接 |
|
|
|
|
正题名:人一生要读的100本书
索取号:Z83/a1
 
预约/预借
| 序号 | 登录号 | 条形码 | 馆藏地/架位号 | 状态 | 备注 |
| 1 | 7506197 | 275061978 | 密集书库-史法系/ [索取号:Z83/a1] | 在馆 | |
| 2 | 7506198 | 275061987 | 史法系资料室/ [索取号:Z83/a1] | 在馆 |